000
00306nam a2200121Ia 4500
008
151001s9999||||xx |||||||||||||| ||und||
100
_a
वामन देशपांडे
245
_a
छाया पडछाया
260
_b
प्रणव
260
_c
1995
300
_a
80
365
_b
13
999
_c
971092
_d
971089